Guess Country Flags to Reveal the Final Flag #1 - Statistics

General Stats
  • This quiz has been taken 6,068 times
    6,038 since last reset
  • The average score is 19 of 25
Answer Stats
Flag Country % Correct
China
94%
Germany
93%
Saudi Arabia
93%
Egypt
87%
Austria
85%
Uruguay
85%
Serbia
84%
Tunisia
84%
Latvia
82%
Niger
78%
San Marino
78%
Mongolia
77%
Trinidad and Tobago
73%
Jordan
71%
Palau
69%
Kyrgyzstan
68%
Bahamas
67%
Mozambique
65%
Tajikistan
62%
Namibia
59%
Final Flag Switzerland
59%
Final Flag Switzerland
59%
Final Flag Switzerland
59%
Final Flag Switzerland
59%
Final Flag Switzerland
59%
No matching quizzes found
Score Distribution
Percent of People with Each Score
Percentile by Number Answered
Your Score History
You have not taken this quiz since the last reset